The counseling skills practice manual / (Record no. 330997)
[ view plain ]
| 000 -LEADER | |
|---|---|
| fixed length control field | 03060cam a2200337 a 4500 |
| 001 - CONTROL NUMBER | |
| control field | 17170711 |
| 003 - CONTROL NUMBER IDENTIFIER | |
| control field | NUST |
| 005 - DATE AND TIME OF LATEST TRANSACTION | |
| control field | 20180117090029.0 |
| 008 - FIXED-LENGTH DATA ELEMENTS--GENERAL INFORMATION | |
| fixed length control field | 120217s2012 cauc 000 0 eng d |
| 010 ## - LIBRARY OF CONGRESS CONTROL NUMBER | |
| LC control number | 2011284956 |
| 020 ## - INTERNATIONAL STANDARD BOOK NUMBER | |
| International Standard Book Number | 9781452216874 (pbk.: acidfree paper) |
| 020 ## - INTERNATIONAL STANDARD BOOK NUMBER | |
| International Standard Book Number | 1452216878 |
| 035 ## - SYSTEM CONTROL NUMBER | |
| System control number | (OCoLC)ocn746834910 |
| 040 ## - CATALOGING SOURCE | |
| Original cataloging agency | BTCTA |
| Language of cataloging | eng |
| Transcribing agency | BTCTA |
| Modifying agency | YDXCP |
| -- | BWX |
| -- | DTM |
| -- | DLC |
| 042 ## - AUTHENTICATION CODE | |
| Authentication code | lccopycat |
| 050 00 - LIBRARY OF CONGRESS CALL NUMBER | |
| Classification number | BF636.6 |
| Item number | .H883 2012 |
| 082 ## - DEWEY DECIMAL CLASSIFICATION NUMBER | |
| Classification number | 158.3 HUT |
| 100 1# - MAIN ENTRY--PERSONAL NAME | |
| Personal name | Hutchinson, David R. |
| 9 (RLIN) | 4321 |
| 245 14 - TITLE STATEMENT | |
| Title | The counseling skills practice manual / |
| Statement of responsibility, etc. | David R. Hutchinson. |
| 260 ## - PUBLICATION, DISTRIBUTION, ETC. | |
| Place of publication, distribution, etc. | Thousand Oaks, Calif. |
| Name of publisher, distributor, etc. | SAGE, |
| Date of publication, distribution, etc. | c2012. |
| 300 ## - PHYSICAL DESCRIPTION | |
| Extent | viii, 115 p. : |
| Other physical details | port. ; |
| Dimensions | 28 cm. |
| 500 ## - GENERAL NOTE | |
| General note | Companion to: The essential counselor and its accompanying DVD of professionally demonstrated skills. |
| 505 0# - FORMATTED CONTENTS NOTE | |
| Formatted contents note | Getting started : using your natural interest and curiosity about people -- Giving and receiving feedback -- Getting started with a new client -- Using questions to engage and fact-find -- Using reflections for engagement and for the exploration of feeling -- Using little tools with big effect : silence and simple prompts -- Hunches, challenges, and the use of paradox -- Making it personal : affirming and promoting immediacy -- Ethical and cultural issues -- Dealing with crisis -- Working with a reluctant client -- Putting it all together : using natural and learned skills. |
| 520 ## - SUMMARY, ETC. | |
| Summary, etc. | A practical guide for students who are working on improving their counseling skills, this manual features 12 practice sessions, each of which focuses on a specific counseling skillset. Many of the essential skills are covered, such as using questions, nonverbal behaviors, making reflections of client meaning, and feeling. But the student also gains practice here with important skills, such as learning how to deal with clients in crisis and reluctant clients, how to appropriately confront, and hoe to give and receive accurate and supportive feedback to one another. These practice sessions are designed to help students recognize and build on their natural interpersonal skill set as they learn new skills. They will help students become more competent in their use of counseling skills and feel more comfortable and confident in their roles as emerging counseling professionals. Key features: Offers a comprehensive view of each skill prior to its being demonstrated; connects skills learned to professional practice ; provides ample student review and practice opportunities, including both writtent exercises and role-playing; encourages thorough evaluation ooportunities through both self-evaluation and peer/instructor evaluation. |
| 650 #0 - SUBJECT ADDED ENTRY--TOPICAL TERM | |
| Topical term or geographic name entry element | Counseling psychology. |
| 9 (RLIN) | 4077 |
| 650 #0 - SUBJECT ADDED ENTRY--TOPICAL TERM | |
| Topical term or geographic name entry element | Counseling |
| General subdivision | Methodology. |
| 9 (RLIN) | 4322 |
| 906 ## - LOCAL DATA ELEMENT F, LDF (RLIN) | |
| a | 7 |
| b | cbc |
| c | copycat |
| d | 2 |
| e | ncip |
| f | 20 |
| g | y-gencatlg |
| 942 ## - ADDED ENTRY ELEMENTS (KOHA) | |
| Source of classification or shelving scheme | |
| Koha item type | Book |
| Withdrawn status | Lost status | Source of classification or shelving scheme | Damaged status | Not for loan | Collection code | Permanent Location | Current Location | Shelving location | Date acquired | Total Checkouts | Full call number | Barcode | Date last seen | Price effective from | Koha item type |
|---|---|---|---|---|---|---|---|---|---|---|---|---|---|---|---|
| Central Library (CL) | Central Library (CL) | General Stacks | 08/28/2017 | 158.3 HUT | S3H-C-139 | 08/28/2017 | 08/28/2017 | Book |
